000 00445nam a2200169Ia 4500
003 GCL
008 140319s9999 xx 000 0 ara d
040 _aGCL /
_cGCL
082 0 4 _a813.01
_bب ح
100 1 _aبدر نشأت
245 1 0 _aحلم ليلة تعب /
_cبدر نشأت
300 _a160 ص
490 _a
650 0 4 _aالقصص القصيرة
650 0 4 _aالادب العربى - العصر الحديث
942 _2ddc
_cBK
999 _c39019
_d39019